004860000a22001210004500008004100000082001000041100002600051245014100077260004700218300002400265500005300289650002200342100904t xxu||||| |||| 00| 0 eng d a26885 aEkemu, Rebecca Olivia aPerformance evaluation system in financial institutions : ba case study of Centenary Rural Development Bank Ltd /cEkemu,Rebecca Olivia aNkozi :b Uganda Martyrs University,c2002 axi, 81p. ; c30 cm. aMaster of Business Administration and Management aEvaluation system